Modern Parasite Biology: (Record no. 7061)

MARC details
000 -LEADER
fixed length control field 00838pam a2200265 a 4500
001 - CONTROL NUMBER
control field 2926411
003 - CONTROL NUMBER IDENTIFIER
control field OSt
005 - DATE AND TIME OF LATEST TRANSACTION
control field 20240417151817.0
008 - FIXED-LENGTH DATA ELEMENTS--GENERAL INFORMATION
fixed length control field 890809s1990 nyua b 001 0 eng
010 ## - LIBRARY OF CONGRESS CONTROL NUMBER
LC control number 89023317
020 ## - INTERNATIONAL STANDARD BOOK NUMBER
International Standard Book Number 0716720388 :
Terms of availability $12.95
040 ## - CATALOGING SOURCE
Original cataloging agency DLC
Transcribing agency DDC
Modifying agency DLC
050 00 - LIBRARY OF CONGRESS CALL NUMBER
Classification number QL757
Item number .M546 1990
082 00 - DEWEY DECIMAL CLASSIFICATION NUMBER
Classification number 578.65 MOD 1990
100 ## - MAIN ENTRY--PERSONAL NAME
Personal name Edited by Wyler, David J.
9 (RLIN) 16960
245 00 - TITLE STATEMENT
Title Modern Parasite Biology:
Remainder of title cellular, immunological, and molecular aspects
260 ## - PUBLICATION, DISTRIBUTION, ETC. (IMPRINT)
Place of publication, distribution, etc. New York;
Name of publisher, distributor, etc. W.H. Freeman,
Date of publication, distribution, etc. c1990.
300 ## - PHYSICAL DESCRIPTION
Extent xvii, 428 p. :
Other physical details ill. ;
Dimensions 25 cm
504 ## - BIBLIOGRAPHY, ETC. NOTE
Bibliography, etc Includes bibliographical references (p. 387-415) and index.
650 #0 - SUBJECT ADDED ENTRY--TOPICAL TERM
Topical term or geographic name as entry element Parasitology.
9 (RLIN) 479
650 #0 - SUBJECT ADDED ENTRY--TOPICAL TERM
Topical term or geographic name as entry element Immunology
9 (RLIN) 2584
650 #0 - SUBJECT ADDED ENTRY--TOPICAL TERM
Topical term or geographic name as entry element Molecular biology
9 (RLIN) 14536
906 ## - LOCAL DATA ELEMENT F, LDF (RLIN)
a 7
b cbc
c orignew
d 1
e ocip
f 19
g y-gencatlg
942 ## - ADDED ENTRY ELEMENTS (KOHA)
Source of classification or shelving scheme Dewey Decimal Classification
Koha item type Open Shelf
Holdings
Withdrawn status Lost status Source of classification or shelving scheme Damaged status Not for loan Home library Current library Date acquired Source of acquisition Inventory number Total Checkouts Full call number Barcode Date last seen Koha item type
    Dewey Decimal Classification     MUST Main Library MUST Main Library 31/08/2021 Purchase 11/34543   578.65 MOD 1990 2021-0746 31/08/2021 Open Shelf